[Event "Gjovik blindfold sim"]
[Site "Gjovik"]
[Date "1998.06.13"]
[Round "?"]
[White "Djurhuus, Rune"]
[Black "Iversen, Marte Gustad"]
[Result "1/2-1/2"]
[WhiteElo "2455"]
[BlackElo "1605"]
[PlyCount "44"]
[EventDate "1998.06.??"]
[EventType "simul"]
[EventRounds "1"]
[EventCountry "NOR"]
[SourceTitle "EXT 2005"]
[Source "ChessBase"]
[SourceDate "2004.11.15"]
[SourceVersion "1"]
[SourceVersionDate "2004.11.15"]
[SourceQuality "1"]

1. f4 d5 2. Nf3 Nc6 3. e3 a6 4. Be2 Nf6 5. 0-0 e6 6. b3 Bd6 7. Bb2 Qe7 8. Ne5 0-0 9. d3 Nd7 10. Nxc6 bxc6 11. Nd2 e5 12. fxe5 Bxe5 13. Bxe5 Qxe5 14. e4 Nf6 15. Bf3 Qg5 16. Qe2 Re8 17. Rae1 Bg4 18. Bxg4 Qxg4 19. Qxg4 Nxg4 20. h3 Nf6 21. Kf2 Re7 22. exd5 Rxe1 1/2-1/2